00734nam a2200241 a 4500001001300000003000900013005001700022008004100039020002300080082001700103100002300120245004900143260003100192300000900223500003500232505002400267650001600291700002300307902000800330942000700338952013000345999001700475nice12345678IN_TiNIC20260116014614.0050524s2001 dela grp 000 0 eng  a8187385 c10000a340.59bSHA9 aShad, Abdur Rahman aDo`s and Do Not`s Islam (al-Halal Wal Haram) aDelhibRightway Pub c2001 a268p aincludes index and biblioraphy2 aGeneral Conclusions aIslamic-Law1 aShad, Abdur Rahman bSRS cBK 001040708StackRoom-aHMIbHMId2007-06-01g100.00l1o340.59 SHA9p021244r2018-06-26s2017-11-01v100.00w2005-05-24yBK c16193d16193